| 000 | 00960nam a22003017a 4500 | ||
|---|---|---|---|
| 003 | CHAP | ||
| 005 | 20220329141805.0 | ||
| 008 | 971013s1980 r 00010 d | ||
| 010 | _a73863 | ||
| 011 | _a74835 | ||
| 035 | _a84394 | ||
| 040 | _cCHAP | ||
| 090 | _aTesis | ||
| 100 | 0 | 0 |
_aGarza Aguilar, Oscar. _947000 |
| 245 | _aEvaluación y ensayo de rendimiento de 25 líneas de triticale F4 (Triticale hexaploide) | ||
| 260 |
_a(Monterrey, N.L.) : _bEl autor, _c1980 |
||
| 300 |
_a65 h. _b: ilus. |
||
| 502 | _aTesis (Ing. Agrónomo) -- ITESM. Div. de Ciencias Agropecuarias y Marítimas | ||
| 590 |
_aALEPH _b10 _c20130110 _lUCH01 _h1417 |
||
| 590 |
_aBATCH-UPD _b10 _c20130110 _lUCH01 _h0708 |
||
| 590 |
_aCONVERSION _b10 _c20130109 _lUCH01 _h1340 |
||
| 650 | 1 | 4 |
_aTrigo _xVariedades. _9115119 |
| 650 | 1 | 4 |
_aTriticale. _9115195 |
| 650 | 1 | 4 |
_aTriticale _xRendimiento. _9115225 |
| 901 | _aBK | ||
| 942 | _cTESIS | ||
| 949 |
_bBC _cTES _d-39720 _eTS1 _i84394 _si |
||
| 999 |
_c73863 _d73863 |
||